000 00503nam a2200181Ia 4500
001 16960
005 20260306170349.0
008 260306t2002||||xx |||||||||||||| ||und||
041 _aESP
082 _a657.3
_bV19
100 _aValdivia Loayza, Carlos
_eAUT
245 0 _aNormas internacionales de contabilidad:
_bNICs e interpretaciones SICs. De la norma 1 hasta la norma 41
260 _c2002
300 _a766 páginas :
_c25 cm.
650 _aGEN
654 _aCCO
942 _cLIB
_dJUS
_fJUS
_2ddc
_n
999 _c16960
_d16960